000 00703nam a2200193Ia 4500
003 GCL
008 140319s9999 xx 000 0 ara d
040 _aGCL /
_cGCL
082 0 4 _a681.2
_bف ا
100 1 _aطارق محمد العامرى
245 1 0 _aاجهزة الاختبارات الالكترونية الحديثة واستخدماتها /
_cطارق محمد العامرى
260 _a[S.N] :
_bمعهد ناصر للدراسات الالكترونية ،
_c1990
300 _a190 ص
490 _aموسوعة العامرى للالكترونيات
_v0
650 0 4 _aالاجهزة الالكترونية
650 0 4 _aالقياس
650 0 4 _aالاجهزة
942 _2ddc
_cBK
999 _c54792
_d54792